Tenniste vincitrici Giochi Olimpici - Statistics

Statistiche generali
  • Questo quiz è stato fatto 6 volte
  • Il punteggio medio è 4 su 9
Statistiche sulle risposte
Edizione Nazione Tennista % Corretto
2020 Svizzera Belinda Bencic
83%
2012 Stati Uniti Serena Williams
67%
1988 Germania Ovest Steffi Graf
67%
2000 Stati Uniti Venus Williams
67%
2004 Belgio Justine Henin
33%
1996 Stati Uniti Lindsay Davenport
33%
2016 Porto Rico Mónica Puig
33%
1992 Stati Uniti Jennifer Capriati
17%
2008 Russia Elena Dement'eva
0%
Nessun quiz corrispondente trovato
Distribuzione punteggi
Percentuale di utenti per punteggio
Percentile per numero di risposta
I tuoi punteggi nel tempo
Non hai fatto questo quiz